<?xml version="1.0" encoding="UTF-8"?>
<record
    xmlns:xsi="http://www.w3.org/2001/XMLSchema-instance"
    xsi:schemaLocation="http://www.loc.gov/MARC21/slim http://www.loc.gov/standards/marcxml/schema/MARC21slim.xsd"
    xmlns="http://www.loc.gov/MARC21/slim">

  <leader>01074cam a2200193   4500</leader>
  <controlfield tag="005">20250512103514.0</controlfield>
  <controlfield tag="008">050512s2004    mx            000 0 spa u</controlfield>
  <datafield tag="020" ind1=" " ind2=" ">
    <subfield code="a">9786075415895</subfield>
  </datafield>
  <datafield tag="050" ind1="0" ind2="4">
    <subfield code="a">KGF2914 1917</subfield>
    <subfield code="b"> A2 2025</subfield>
  </datafield>
  <datafield tag="110" ind1="1" ind2=" ">
    <subfield code="a">M&#xE9;xico</subfield>
  </datafield>
  <datafield tag="245" ind1="0" ind2="0">
    <subfield code="a">Constituci&#xF3;n pol&#xED;tica de los Estados Unidos Mexicanos</subfield>
    <subfield code="b"> : titulada.</subfield>
  </datafield>
  <datafield tag="246" ind1="3" ind2="4">
    <subfield code="a">Constituci&#xF3;n pol&#xED;tica de los Estados Unidos Mexicanos</subfield>
    <subfield code="b"> : titulada 2025 : incluye &#xFA;ltimas reformas.</subfield>
  </datafield>
  <datafield tag="250" ind1=" " ind2=" ">
    <subfield code="a">2a ed.</subfield>
  </datafield>
  <datafield tag="260" ind1=" " ind2=" ">
    <subfield code="a">M&#xE9;xico : </subfield>
    <subfield code="b">Ediciones Fiscales ISEF, </subfield>
    <subfield code="c">2025</subfield>
  </datafield>
  <datafield tag="300" ind1=" " ind2=" ">
    <subfield code="a">p. v.  ; </subfield>
    <subfield code="c">21 cm.</subfield>
  </datafield>
  <datafield tag="500" ind1=" " ind2=" ">
    <subfield code="a">En la portada: 
"Esta edici&#xF3;n contiene las disposiciones publicadas hasta la fecha de impresi&#xF3;n de este producto"
"NOTA con el objeto de facilitar el manejo de esta obra hemos diferenciado con negritas las &#xFA;ltimas reformas publicadas en el D.O.F. y/o en la gaceta oficial, asi como su referencia: (R) reformado (A) adicionado"
"Los t&#xED;tulos que encabezan los art&#xED;culos no forman parte del texto legal".</subfield>
  </datafield>
  <datafield tag="650" ind1=" " ind2="7">
    <subfield code="2">lemb</subfield>
    <subfield code="a">Derecho fiscal </subfield>
    <subfield code="x">Legislaci&#xF3;n y leyes </subfield>
    <subfield code="z">M&#xE9;xico </subfield>
  </datafield>
  <datafield tag="942" ind1=" " ind2=" ">
    <subfield code="2">lcc</subfield>
    <subfield code="c">LIB</subfield>
  </datafield>
  <datafield tag="999" ind1=" " ind2=" ">
    <subfield code="c">54297</subfield>
    <subfield code="d">54297</subfield>
  </datafield>
  <datafield tag="952" ind1=" " ind2=" ">
    <subfield code="1">0</subfield>
    <subfield code="2">lcc</subfield>
    <subfield code="4">0</subfield>
    <subfield code="7">8</subfield>
    <subfield code="a">LIC-031</subfield>
    <subfield code="b">LIC-031</subfield>
    <subfield code="c">CONSULTA</subfield>
    <subfield code="d">2025-05-09</subfield>
    <subfield code="e">UA</subfield>
    <subfield code="f">2a ed.</subfield>
    <subfield code="i">CEA</subfield>
    <subfield code="k">CSA</subfield>
    <subfield code="l">0</subfield>
    <subfield code="o">KGF2914 1917 A2 2025</subfield>
    <subfield code="p">BCCA000012998</subfield>
    <subfield code="r">2025-05-12 11:38:06</subfield>
    <subfield code="t">1</subfield>
    <subfield code="v">145.00</subfield>
    <subfield code="y">LIB</subfield>
  </datafield>
  <datafield tag="952" ind1=" " ind2=" ">
    <subfield code="1">0</subfield>
    <subfield code="2">lcc</subfield>
    <subfield code="4">0</subfield>
    <subfield code="7">0</subfield>
    <subfield code="a">LIC-031</subfield>
    <subfield code="b">LIC-031</subfield>
    <subfield code="c">CONSULTA</subfield>
    <subfield code="d">2025-05-09</subfield>
    <subfield code="e">UA</subfield>
    <subfield code="f">2a ed.</subfield>
    <subfield code="i">CEA</subfield>
    <subfield code="k">CSA</subfield>
    <subfield code="l">5</subfield>
    <subfield code="o">KGF2914 1917 A2 2025</subfield>
    <subfield code="p">BCCA000012999</subfield>
    <subfield code="r">2025-10-01 11:26:15</subfield>
    <subfield code="s">2025-10-01</subfield>
    <subfield code="t">2</subfield>
    <subfield code="v">145.00</subfield>
    <subfield code="y">LIB</subfield>
  </datafield>
  <datafield tag="952" ind1=" " ind2=" ">
    <subfield code="1">0</subfield>
    <subfield code="2">lcc</subfield>
    <subfield code="4">0</subfield>
    <subfield code="7">0</subfield>
    <subfield code="a">LIC-031</subfield>
    <subfield code="b">LIC-031</subfield>
    <subfield code="c">CONSULTA</subfield>
    <subfield code="d">2025-05-09</subfield>
    <subfield code="e">UA</subfield>
    <subfield code="f">2a ed.</subfield>
    <subfield code="i">CEA</subfield>
    <subfield code="k">CSA</subfield>
    <subfield code="l">5</subfield>
    <subfield code="o">KGF2914 1917 A2 2025</subfield>
    <subfield code="p">BCCA000013000</subfield>
    <subfield code="r">2025-08-26 13:29:34</subfield>
    <subfield code="s">2025-08-26</subfield>
    <subfield code="t">3</subfield>
    <subfield code="v">145.00</subfield>
    <subfield code="y">LIB</subfield>
  </datafield>
  <datafield tag="952" ind1=" " ind2=" ">
    <subfield code="1">0</subfield>
    <subfield code="2">lcc</subfield>
    <subfield code="4">0</subfield>
    <subfield code="7">0</subfield>
    <subfield code="a">LIC-031</subfield>
    <subfield code="b">LIC-031</subfield>
    <subfield code="c">CONSULTA</subfield>
    <subfield code="d">2025-05-09</subfield>
    <subfield code="e">UA</subfield>
    <subfield code="f">2a ed.</subfield>
    <subfield code="i">CEA</subfield>
    <subfield code="k">CSA</subfield>
    <subfield code="l">3</subfield>
    <subfield code="o">KGF2914 1917 A2 2025</subfield>
    <subfield code="p">BCCA000013001</subfield>
    <subfield code="r">2025-08-26 13:29:48</subfield>
    <subfield code="s">2025-08-26</subfield>
    <subfield code="t">4</subfield>
    <subfield code="v">145.00</subfield>
    <subfield code="y">LIB</subfield>
  </datafield>
  <datafield tag="952" ind1=" " ind2=" ">
    <subfield code="1">0</subfield>
    <subfield code="2">lcc</subfield>
    <subfield code="4">0</subfield>
    <subfield code="7">0</subfield>
    <subfield code="a">LIC-031</subfield>
    <subfield code="b">LIC-031</subfield>
    <subfield code="c">CONSULTA</subfield>
    <subfield code="d">2025-05-09</subfield>
    <subfield code="e">UA</subfield>
    <subfield code="f">2a ed.</subfield>
    <subfield code="i">CEA</subfield>
    <subfield code="k">CSA</subfield>
    <subfield code="l">2</subfield>
    <subfield code="o">KGF2914 1917 A2 2025</subfield>
    <subfield code="p">BCCA000013002</subfield>
    <subfield code="r">2025-10-09 12:57:23</subfield>
    <subfield code="s">2025-10-08</subfield>
    <subfield code="t">5</subfield>
    <subfield code="v">145.00</subfield>
    <subfield code="y">LIB</subfield>
  </datafield>
  <datafield tag="952" ind1=" " ind2=" ">
    <subfield code="1">0</subfield>
    <subfield code="2">lcc</subfield>
    <subfield code="4">0</subfield>
    <subfield code="7">0</subfield>
    <subfield code="a">LIC-031</subfield>
    <subfield code="b">LIC-031</subfield>
    <subfield code="c">CONSULTA</subfield>
    <subfield code="d">2025-05-09</subfield>
    <subfield code="e">UA</subfield>
    <subfield code="f">2a ed.</subfield>
    <subfield code="i">CEA</subfield>
    <subfield code="k">CSA</subfield>
    <subfield code="l">3</subfield>
    <subfield code="o">KGF2914 1917 A2 2025</subfield>
    <subfield code="p">BCCA000013003</subfield>
    <subfield code="r">2025-10-09 12:57:04</subfield>
    <subfield code="s">2025-10-08</subfield>
    <subfield code="t">6</subfield>
    <subfield code="v">145.00</subfield>
    <subfield code="y">LIB</subfield>
  </datafield>
  <datafield tag="952" ind1=" " ind2=" ">
    <subfield code="1">0</subfield>
    <subfield code="2">lcc</subfield>
    <subfield code="4">0</subfield>
    <subfield code="7">0</subfield>
    <subfield code="a">LIC-031</subfield>
    <subfield code="b">LIC-031</subfield>
    <subfield code="c">CONSULTA</subfield>
    <subfield code="d">2025-05-09</subfield>
    <subfield code="e">UA</subfield>
    <subfield code="f">2a ed.</subfield>
    <subfield code="i">CEA</subfield>
    <subfield code="k">CSA</subfield>
    <subfield code="l">7</subfield>
    <subfield code="o">KGF2914 1917 A2 2025</subfield>
    <subfield code="p">BCCA000013004</subfield>
    <subfield code="r">2026-03-24 16:54:28</subfield>
    <subfield code="s">2026-03-24</subfield>
    <subfield code="t">7</subfield>
    <subfield code="v">145.00</subfield>
    <subfield code="y">LIB</subfield>
  </datafield>
  <datafield tag="952" ind1=" " ind2=" ">
    <subfield code="1">0</subfield>
    <subfield code="2">lcc</subfield>
    <subfield code="4">0</subfield>
    <subfield code="7">0</subfield>
    <subfield code="a">LIC-031</subfield>
    <subfield code="b">LIC-031</subfield>
    <subfield code="c">CONSULTA</subfield>
    <subfield code="d">2025-05-09</subfield>
    <subfield code="e">UA</subfield>
    <subfield code="f">2a ed.</subfield>
    <subfield code="i">CEA</subfield>
    <subfield code="k">CSA</subfield>
    <subfield code="l">9</subfield>
    <subfield code="o">KGF2914 1917 A2 2025</subfield>
    <subfield code="p">BCCA000013005</subfield>
    <subfield code="r">2025-10-09 12:56:12</subfield>
    <subfield code="s">2025-10-09</subfield>
    <subfield code="t">8</subfield>
    <subfield code="v">145.00</subfield>
    <subfield code="y">LIB</subfield>
  </datafield>
  <datafield tag="952" ind1=" " ind2=" ">
    <subfield code="1">0</subfield>
    <subfield code="2">lcc</subfield>
    <subfield code="4">0</subfield>
    <subfield code="7">0</subfield>
    <subfield code="a">LIC-031</subfield>
    <subfield code="b">LIC-031</subfield>
    <subfield code="c">CONSULTA</subfield>
    <subfield code="d">2025-05-09</subfield>
    <subfield code="e">UA</subfield>
    <subfield code="f">2a ed.</subfield>
    <subfield code="i">CEA</subfield>
    <subfield code="k">CSA</subfield>
    <subfield code="l">12</subfield>
    <subfield code="o">KGF2914 1917 A2 2025</subfield>
    <subfield code="p">BCCA000013006</subfield>
    <subfield code="r">2025-10-09 12:54:48</subfield>
    <subfield code="s">2025-10-09</subfield>
    <subfield code="t">9</subfield>
    <subfield code="v">145.00</subfield>
    <subfield code="y">LIB</subfield>
  </datafield>
  <datafield tag="952" ind1=" " ind2=" ">
    <subfield code="1">0</subfield>
    <subfield code="2">lcc</subfield>
    <subfield code="4">0</subfield>
    <subfield code="7">0</subfield>
    <subfield code="a">LIC-031</subfield>
    <subfield code="b">LIC-031</subfield>
    <subfield code="c">CONSULTA</subfield>
    <subfield code="d">2025-05-09</subfield>
    <subfield code="e">UA</subfield>
    <subfield code="f">2a ed.</subfield>
    <subfield code="i">CEA</subfield>
    <subfield code="k">CSA</subfield>
    <subfield code="l">15</subfield>
    <subfield code="o">KGF2914 1917 A2 2025</subfield>
    <subfield code="p">BCCA000013020</subfield>
    <subfield code="r">2026-03-03 12:57:18</subfield>
    <subfield code="s">2026-02-26</subfield>
    <subfield code="t">10</subfield>
    <subfield code="v">145.00</subfield>
    <subfield code="y">LIB</subfield>
  </datafield>
</record>
